000 00744nam a22002657a 4500
001 BR6400260
003 BR-BrBNA
005 20230928083418.0
007 ta
008 230509b bl.||||| |||| 00| 0 por d
040 _aBR-BrBNA
_bpor
_cBiblioteca Nacional de Agricultura
041 _a(Por)
072 _aL00
_b5300
090 _ 5300 BR6400260
100 1 _aValente, C.S.
110 1 _aAssociacao Nordestina de Credito e Assistencia Rural do Ceara, Fortaleza (Brasil)
245 1 _aCriacao domestica de porcos
_bProjeto para adultos
260 3 _aFortaleza, CE (Brasil):
_c1964.
300 _a18 p.
650 _aPORCO TIPO CARNE
650 _aSUINO
650 _aCRIACAO
909 _a202309
_bLucia
_c55
_dLucia Elande
942 _cBK
999 _c13327
_d13327